|
|
|
|
| LEADER |
00000nam0a2200000 4500 |
| 001 |
377145 |
| 005 |
20231102012903.0 |
| 035 |
|
|
|a (RuTPU)RU\TPU\retro\34591
|
| 090 |
|
|
|a 377145
|
| 100 |
|
|
|a 20230209d2022 k y0rusy50 ca
|
| 101 |
0 |
|
|a rus
|
| 102 |
|
|
|a RU
|
| 105 |
|
|
|a a dm 001zy
|
| 200 |
1 |
|
|a Синтез функционализированных поли(гетеро)циклических соединений на основе нингидрина и 5-ацетил-4-гидрокси-2H-1,3-тиазин-2,6(3H)-диона
|e автореферат диссертации на соискание ученой степени кандидата химических наук
|e спец. 1.4.3
|f А. С. Зухайраева
|g Астраханский государственный технический университет ; науч. рук. А. В. Великородов
|
| 210 |
|
|
|a Астрахань
|d 2022
|
| 215 |
|
|
|a 24 с.
|c ил.
|
| 300 |
|
|
|a Защита сост. 17.02.2023 г.
|
| 320 |
|
|
|a Библиогр.: с. 23-24 (13 назв.)
|
| 606 |
1 |
|
|a Гетероциклические соединения
|x Синтез
|2 stltpush
|3 (RuTPU)RU\TPU\subj\6385
|9 34280
|
| 610 |
1 |
|
|a органическая химия
|
| 610 |
1 |
|
|a полигетероциклические соединения
|
| 610 |
1 |
|
|a синтез
|
| 610 |
1 |
|
|a инден
|
| 610 |
1 |
|
|a бензофураны
|
| 610 |
1 |
|
|a нингидриновые реакции
|
| 610 |
1 |
|
|a нингидрин
|
| 610 |
1 |
|
|a получение
|
| 610 |
1 |
|
|a авторефераты диссертаций
|
| 675 |
|
|
|a 547.7(04)
|v 4
|
| 686 |
|
|
|a 02.00.03
|2 oksvnk
|
| 700 |
|
1 |
|a Зухайраева
|b А. С.
|g Айшат Султановна
|
| 702 |
|
1 |
|a Великородов
|b А. В.
|g Анатолий Валериевич
|4 727
|
| 712 |
0 |
2 |
|a Астраханский государственный технический университет
|2 stltpush
|3 (RuTPU)RU\TPU\col\379
|9 23384
|
| 801 |
|
1 |
|a RU
|b 63413507
|c 20230209
|
| 801 |
|
2 |
|a RU
|b 63413507
|c 20230403
|g RCR
|
| 942 |
|
|
|c BK
|